Use of Waste Materials in Highway Construction / (Record no. 3983)

MARC details
000 -LEADER
fixed length control field 00857nac a22001931u 4500
008 - FIXED-LENGTH DATA ELEMENTS--GENERAL INFORMATION
fixed length control field 100913t xxu||||| |||| 00| 0 eng d
010 ## - LIBRARY OF CONGRESS CONTROL NUMBER
LC control number 92000541
020 ## - INTERNATIONAL STANDARD BOOK NUMBER
International Standard Book Number 0815513151
082 00 - DEWEY DECIMAL CLASSIFICATION NUMBER
Classification number 625.8
Item number AHM
100 ## - MAIN ENTRY--PERSONAL NAME
Personal name Ahmed, Imtiaz.
9 (RLIN) 18849
245 10 - TITLE STATEMENT
Title Use of Waste Materials in Highway Construction /
Statement of responsibility, etc By Imtiaz Ahmed.
260 ## - PUBLICATION, DISTRIBUTION, ETC. (IMPRINT)
Place of publication, distribution, etc Park Ridge, N.J., U.S.A. :
Name of publisher, distributor, etc Noyes Data Corp.,
Date of publication, distribution, etc 1993.
300 ## - PHYSICAL DESCRIPTION
Extent xi, 114 p. :
Other physical details ill. ;
Dimensions 25 cm.
504 ## - BIBLIOGRAPHY, ETC. NOTE
Bibliography, etc Includes bibliographical references (p. 96-111).
650 #0 - SUBJECT ADDED ENTRY--TOPICAL TERM
Topical term or geographic name as entry element Waste products as road materials.
9 (RLIN) 18850
856 42 - ELECTRONIC LOCATION AND ACCESS
Materials specified Publisher description
Uniform Resource Identifier <a href="http://www.loc.gov/catdir/description/wap041/92000541.html">http://www.loc.gov/catdir/description/wap041/92000541.html</a>
942 ## - ADDED ENTRY ELEMENTS (KOHA)
Item type Book - Borrowing
Call number prefix 625.8AHM
Source of classification or shelving scheme Dewey Decimal Classification
Holdings
Withdrawn status Item status Source of classification or shelving scheme Damaged status Not for loan Vendor Home library Current library Shelving location Date acquired Source of acquisition Total Checkouts Total Renewals Full call number Barcode Date last seen Date last borrowed Koha item type
    Dewey Decimal Classification       Central Library Central Library First floor 13/09/2010   2 30 625.8 AHM 000005053 15/07/2025 25/10/2016 Book - Borrowing